Statistiken für Länder mit dem niedrigsten CO2 Ausstoß

Klicken Sie hier um das Quiz zu spielen!

Allgemein

  • Dieses Quiz wurde 24 mal gespielt
  • Das Durchschnittsergebnis liegt bei 2 aus 15

Antwortstatistiken

CO2 Ausstoß (in Mio Tonnen)Land% Korrekt
162Niederlande
32%
100Belgien
27%
172Irak
27%
150Algerien
23%
219Ägypten
18%
104Nigeria
18%
184Vietnam
18%
194Argentinien
14%
102Kuwait
14%
171Pakistan
9%
202Ukraine
9%
109Usbekistan
9%
177Vereinigte Arabische Emirate
5%
113Philipinen
0%
175Venezuela
0%

Verteilung der Resultate

Perzentil nach korrekt beantworteten Fragen

Anzahl Personen mit jedem Resultat

Ihre Resultats-Entwicklung

Sie haben dieses Quiz noch nicht gespielt